000 00392nam a2200145Ia 4500
008 090122s9999 xx 000 0 und d
082 _b9148
_a891.463
100 _aशिरोडकर
_bरजनी
245 _aसाफल्य
600 _aशिरोडकर
630 _aसाफल्य
700 _aशिरोडकर
730 _aसाफल्य
942 _cBOOK
999 _c33225
_d33225